Đông phương triết học cương yếu

Salvato in:
Dettagli Bibliografici
Autore principale: Lý, Minh Tuấn
Natura: Libro
Lingua:Undetermined
Pubblicazione: Huế Thuận Hóa 2005
Soggetti:
Tags: Aggiungi Tag
Nessun Tag, puoi essere il primo ad aggiungerne! !
Thư viện lưu trữ: Trung tâm Học liệu Trường Đại học Cần Thơ
LEADER 00530nam a2200193Ia 4500
001 CTU_93875
008 210402s9999 xx 000 0 und d
020 |c 74000 
082 |a 181.11 
082 |b T502 
100 |a Lý, Minh Tuấn 
245 0 |a Đông phương triết học cương yếu 
245 0 |c Lý Minh Tuấn 
260 |a Huế 
260 |b Thuận Hóa 
260 |c 2005 
650 |a Philosophy, oriental 
904 |i Tuyến 
980 |a Trung tâm Học liệu Trường Đại học Cần Thơ